Ivy League Schools Quiz Stats

 Plays Quiz Updated Feb 9, 2018

Support Sporcle.
Go Orange.
Score 0/8 Timer 02:00
0 Plays Today
Founded Institution % Correct
1636Harvard University
99.2%
1701Yale University
96.8%
1746Princeton University
87.1%
1764Brown University
85%
1754Columbia University
71.9%
1865Cornell University
71.7%
1740University of Pennsylvania
70.8%
1769Dartmouth College
68.9%

You're not logged in!

Compare scores with friends on all Sporcle quizzes.
OR
Log In
Forgot?

From the Vault

A Literary Logic Puzzle

by chair

The bookworms amongst you will surely ace this quiz.
Remove Ads.
Support Sporcle.
Get the best of Sporcle when you Go Orange. This ad-free experience offers more features, more stats, and more fun while also helping to support Sporcle. Thank you for becoming a member.

Show Comments

Extras

Top Quizzes Today


Score Distribution

Your Account Isn't Verified!

In order to create a playlist on Sporcle, you need to verify the email address you used during registration. Go to your Sporcle Settings to finish the process.

Report this User

Report this user for behavior that violates our Community Guidelines.

Details: